[Event "GER Cup Net Final-B U2000"]
[Site "Playchess.com INT"]
[Date "2020.06.06"]
[Round "9"]
[White "Bashylina, Luisa"]
[Black "Closhen, Ingo"]
[Result "0-1"]
[WhiteElo "1947"]
[BlackElo "1816"]
[PlyCount "86"]
[EventDate "2020.06.06"]
[EventType "swiss (blitz)"]
[EventRounds "13"]
[EventCountry "GER"]
[SourceTitle "CBM 197 Extra"]
[Source "ChessBase"]
[SourceDate "2020.09.30"]
[SourceVersion "1"]
[SourceVersionDate "2020.09.30"]
[SourceQuality "1"]

1. e4 c5 2. Nf3 d6 3. d4 cxd4 4. Qxd4 Nc6 5. Bb5 Bd7 6. Bxc6 bxc6 7. c4 Qb6 8. Qd3 g6 9. 0-0 Bg7 10. Nc3 h5 11. Rb1 h4 12. h3 Nh6 13. Be3 Qa5 14. b4 Qh5 15. Bd4 f6 16. c5 Nf7 17. b5 0-0 18. cxd6 Nxd6 19. Rfc1 Rad8 20. Bxa7 cxb5 21. Bd4 g5 22. Nd5 Rf7 23. Bb6 Rb8 24. Rc7 Nc4 25. Rxd7 Nxb6 26. Nxb6 Rxb6 27. Rxb5 Rc6 28. Rd8+ Kh7 29. e5+ Qg6 30. Qxg6+ Kxg6 31. a4 Rc1+ 32. Kh2 fxe5 33. Rb6+ Rf6 34. Nxe5+ Kh7 35. Rxf6 Bxf6 36. Ng4 Bb2 37. a5 Ra1 38. Rd5 Kg6 39. Ne5+ Kf6 40. Nc6 Bc3 41. Rc5 Be1 42. Rb5 Bxf2 43. Nb4 Bg3# 0-1

[Event "GER Cup Net Final-B U2000"]
[Site "Playchess.com INT"]
[Date "2020.06.06"]
[Round "11"]
[White "Isele, Thomas"]
[Black "Closhen, Ingo"]
[Result "1-0"]
[WhiteElo "1926"]
[BlackElo "1816"]
[PlyCount "83"]
[EventDate "2020.06.06"]
[EventType "swiss (blitz)"]
[EventRounds "13"]
[EventCountry "GER"]
[SourceTitle "CBM 197 Extra"]
[Source "ChessBase"]
[SourceDate "2020.09.30"]
[SourceVersion "1"]
[SourceVersionDate "2020.09.30"]
[SourceQuality "1"]

1. e4 d6 2. d4 Nf6 3. Bd3 e5 4. dxe5 dxe5 5. Nf3 Bd6 6. 0-0 0-0 7. Re1 Bg4 8. Bg5 Nbd7 9. Nbd2 c6 10. c3 Nc5 11. Bc2 Ne6 12. Bh4 g5 13. Bg3 Nh5 14. Nf1 Nhf4 15. Ne3 h5 16. h3 Bxf3 17. Qxf3 Qf6 18. Nf5 Bc7 19. Rad1 Rad8 20. Bb3 Nc5 21. Bxf4 exf4 22. Qxh5 Nxb3 23. axb3 Rxd1 24. Rxd1 Rd8 25. Qe2 Re8 26. Qc2 Qe5 27. f3 Bb6+ 28. Kf1 Qb5+ 29. Rd3 Rd8 30. c4 Qc5 31. Rxd8+ Bxd8 32. Qf2 Qb4 33. Qd4 f6 34. Qxd8+ Kf7 35. Qd7+ Kf8 36. Qd6+ Qxd6 37. Nxd6 b6 38. Nc8 Ke8 39. Nxa7 Kd7 40. b4 Kc7 41. b5 Kb7 42. Nxc6 1-0

[Event "GER Cup Net Final-B U2000"]
[Site "Playchess.com INT"]
[Date "2020.06.06"]
[Round "3"]
[White "Lange, Stephan"]
[Black "Closhen, Ingo"]
[Result "1-0"]
[WhiteElo "2217"]
[BlackElo "1816"]
[PlyCount "105"]
[EventDate "2020.06.06"]
[EventType "swiss (blitz)"]
[EventRounds "13"]
[EventCountry "GER"]
[SourceTitle "CBM 197 Extra"]
[Source "ChessBase"]
[SourceDate "2020.09.30"]
[SourceVersion "1"]
[SourceVersionDate "2020.09.30"]
[SourceQuality "1"]

1. g3 c5 2. Nh3 Nc6 3. Bg2 h6 4. d3 g5 5. f3 Bg7 6. Nf2 d6 7. e4 e5 8. c3 Nge7 9. Na3 0-0 10. 0-0 f5 11. Nc2 f4 12. g4 Ng6 13. b3 Be6 14. Bb2 Bf7 15. h3 Bf6 16. d4 Qe7 17. dxc5 dxc5 18. Qe2 Kg7 19. Rfd1 a6 20. Rd2 b5 21. Rad1 Rad8 22. Rxd8 Rxd8 23. Rxd8 Nxd8 24. Qd2 Ne6 25. Bf1 Ngf8 26. Be2 Qd7 27. Qxd7 Nxd7 28. Kf1 h5 29. Ke1 h4 30. Kd2 Kf8 31. c4 Nc7 32. cxb5 axb5 33. Na3 b4 34. Nc2 Be7 35. Nd3 Bd6 36. Nc1 Ke7 37. Ba1 Be6 38. a3 Nb6 39. axb4 cxb4 40. Bb2 Nd7 41. Ne1 Nc5 42. Kc2 Bd7 43. Bc4 Nb5 44. Bxb5 Bxb5 45. Ned3 Nxd3 46. Nxd3 Ke6 47. Bc1 Be7 48. Bd2 Bxd3+ 49. Kxd3 Bc5 50. Kc4 Bb6 51. Bxb4 Be3 52. Ba5 Kd6 53. Bd8 1-0

[Event "GER Cup Net V2 U2000"]
[Site "Playchess.com INT"]
[Date "2020.05.22"]
[Round "7"]
[White "Closhen, Ingo"]
[Black "Riesner, Daniel"]
[Result "1/2-1/2"]
[WhiteElo "1771"]
[BlackElo "2102"]
[PlyCount "56"]
[EventDate "2020.05.22"]
[EventType "swiss (blitz)"]
[EventRounds "9"]
[EventCountry "GER"]
[SourceTitle "EXT 2021"]
[Source "ChessBase"]
[SourceDate "2020.10.23"]
[SourceVersion "1"]
[SourceVersionDate "2020.10.23"]
[SourceQuality "1"]

1. d4 Nf6 2. Bg5 Ne4 3. h4 d5 4. Nd2 Bf5 5. e3 h6 6. Bf4 e6 7. Ngf3 Bd6 8. Ne5 Nd7 9. g4 Bh7 10. Bd3 Nxe5 11. dxe5 Be7 12. Bxe4 Bxe4 13. Nxe4 dxe4 14. h5 0-0 15. Qe2 c6 16. Kf1 Qb6 17. c3 Rfd8 18. Kg2 Rd3 19. Rab1 Rad8 20. Rhd1 Qb5 21. Qc2 Qd5 22. Rxd3 Qxd3 23. Qxd3 Rxd3 24. Kf1 Bg5 25. Bxg5 hxg5 26. Ke2 f5 27. exf6 gxf6 28. f3 Rd5 1/2-1/2

[Event "GER Cup Net V2 U2000"]
[Site "Playchess.com INT"]
[Date "2020.05.22"]
[Round "3"]
[White "Closhen, Ingo"]
[Black "Wagner, Rainer"]
[Result "1-0"]
[WhiteElo "1771"]
[BlackElo "1931"]
[PlyCount "85"]
[EventDate "2020.05.22"]
[EventType "swiss (blitz)"]
[EventRounds "9"]
[EventCountry "GER"]
[SourceTitle "EXT 2021"]
[Source "ChessBase"]
[SourceDate "2020.10.23"]
[SourceVersion "1"]
[SourceVersionDate "2020.10.23"]
[SourceQuality "1"]

1. d4 Nf6 2. Bg5 d5 3. Nd2 Bf5 4. e3 e6 5. f4 Be7 6. Be2 Nbd7 7. g4 Be4 8. Nxe4 Nxe4 9. Bxe7 Qxe7 10. h4 Qb4+ 11. Kf1 Qxb2 12. Kg2 Nc3 13. Qc1 Qxc1 14. Rxc1 Nf6 15. Bf3 Nxa2 16. Rb1 0-0-0 17. Ne2 Ne4 18. Rb3 a5 19. Ra1 a4 20. Ra3 Nb4 21. Rc1 b5 22. c3 Na6 23. Bxe4 dxe4 24. f5 exf5 25. gxf5 c6 26. Nf4 Kb7 27. c4 Kb6 28. cxb5 cxb5 29. Rb1 Ka5 30. d5 Rd6 31. Ra2 Rb8 32. Rd2 Nb4 33. Rd4 Nc2 34. Rxe4 a3 35. Rc1 a2 36. Nd3 a1Q 37. Rxa1+ Nxa1 38. Nb4 Rc8 39. Nc6+ Kb6 40. Re5 f6 41. Re7 Rxd5 42. Nd4 Rc3 43. Re6+ 1-0

[Event "GER Cup Net V1 U2000"]
[Site "Playchess.com INT"]
[Date "2020.05.19"]
[Round "8"]
[White "Ho, Ngoc Hai Dang"]
[Black "Closhen, Ingo"]
[Result "0-1"]
[WhiteElo "1669"]
[BlackElo "1726"]
[PlyCount "102"]
[EventDate "2020.05.19"]
[EventType "swiss (blitz)"]
[EventRounds "9"]
[EventCountry "GER"]
[SourceTitle "EXT 2021"]
[Source "ChessBase"]
[SourceDate "2020.10.23"]
[SourceVersion "1"]
[SourceVersionDate "2020.10.23"]
[SourceQuality "1"]

1. e4 c5 2. Nf3 d6 3. d4 cxd4 4. Nxd4 Nf6 5. Nc3 a6 6. Bc4 e6 7. Bb3 Be7 8. Be3 0-0 9. f3 Nbd7 10. Qd2 Nc5 11. 0-0 b5 12. Rad1 Qc7 13. Nde2 Bb7 14. Nf4 Nxb3 15. cxb3 Kh8 16. Qf2 Qc6 17. Rc1 Qe8 18. Nce2 Rg8 19. Rc7 Bc6 20. Rc1 Bd7 21. Nd3 g5 22. e5 Nd5 23. exd6 Bxd6 24. R7c2 f5 25. Nc3 Nf4 26. Bd4+ e5 27. Nxf4 gxf4 28. Bc5 Bb8 29. Ne2 Qh5 30. Kh1 Rg5 31. Rd1 Bc6 32. Be7 Rg6 33. Rd6 Bxd6 34. Rxc6 Bxe7 35. Rxg6 hxg6 36. Qb6 e4 37. fxe4 fxe4 38. Qb7 Re8 39. Qd7 g5 40. Qe6 f3 41. gxf3 Qxf3+ 42. Kg1 e3 43. Qh6+ Kg8 44. Qg6+ Kf8 45. Qh6+ Kf7 46. Qh7+ Ke6 47. Qg6+ Kd7 48. Qd3+ Bd6 49. Qh7+ Re7 50. Qc2 Qf2+ 51. Kh1 Qxh2# 0-1

[Event "Bad Woerishofen op-A 35th"]
[Site "Bad Woerishofen"]
[Date "2019.03.15"]
[Round "1.22"]
[White "Gohla, Ulf"]
[Black "Closhen, Ingo"]
[Result "1-0"]
[WhiteElo "2201"]
[BlackElo "1996"]
[PlyCount "67"]
[EventDate "2019.03.15"]
[EventType "swiss"]
[EventRounds "9"]
[EventCountry "GER"]
[SourceTitle "EXT 2020"]
[Source "ChessBase"]
[SourceDate "2019.10.17"]
[SourceVersion "1"]
[SourceVersionDate "2019.10.17"]
[SourceQuality "1"]

1. d4 e6 2. c4 f5 3. g3 Nf6 4. Bg2 Bb4+ 5. Bd2 Qe7 6. a3 Bxd2+ 7. Nxd2 Nc6 8. e3 0-0 9. Ne2 Nd8 10. Qc2 d6 11. h3 Bd7 12. Nc3 Rc8 13. 0-0 c5 14. b4 b6 15. dxc5 dxc5 16. b5 e5 17. a4 Nh5 18. Nd5 Qg5 19. Nf3 Qh6 20. Ne7+ Kh8 21. Nxc8 Bxc8 22. Nxe5 Nxg3 23. Rfd1 Ne6 24. Nc6 Ne4 25. Ne7 N6g5 26. Nxc8 Rxc8 27. f3 Ng3 28. Kh2 f4 29. exf4 Nxf3+ 30. Kxg3 Nd4 31. Rxd4 cxd4 32. Qf5 Re8 33. Re1 Rd8 34. Re6 1-0

[Event "Regionalliga SW 1314"]
[Site "Bayern"]
[Date "2014.04.06"]
[Round "9.7"]
[White "Closhen, Ingo"]
[Black "Thaete, Ralf"]
[Result "1/2-1/2"]
[WhiteElo "1916"]
[BlackElo "1850"]
[PlyCount "81"]
[EventDate "2013.10.13"]
[EventType "team-tourn"]
[EventRounds "9"]
[EventCountry "GER"]
[SourceTitle "EXT 2015"]
[Source "ChessBase"]
[SourceDate "2014.11.20"]
[SourceVersion "1"]
[SourceVersionDate "2014.11.20"]
[SourceQuality "1"]
[WhiteTeam "Sendling"]
[BlackTeam "Dachau"]
[WhiteTeamCountry "GER"]
[BlackTeamCountry "GER"]

1. e4 c5 2. Nf3 Nc6 3. Bb5 g6 4. 0-0 Bg7 5. Re1 Nf6 6. c3 0-0 7. d4 cxd4 8. cxd4 d5 9. e5 Ne8 10. Nc3 Bg4 11. Be3 Nc7 12. Be2 f6 13. exf6 Bxf6 14. Qb3 Bxf3 15. Bxf3 Nxd4 16. Bxd4 Bxd4 17. Rad1 e5 18. Nxd5 Nxd5 19. Bxd5+ Kh8 20. Re2 Qb6 21. Qxb6 axb6 22. a3 Rad8 23. Bb3 Rd6 24. g3 Rdf6 25. Rdd2 Rd6 26. Kg2 Rfd8 27. Bc4 Rf8 28. Re4 Rfd8 29. h4 R8d7 30. b3 Kg7 31. a4 Bc3 32. Rc2 Ba1 33. Bb5 Rd2 34. Rc8 Rf7 35. Be2 Bd4 36. f4 exf4 37. gxf4 Bc5 38. Kg3 Rd4 39. Rxd4 Bxd4 40. Bc4 Re7 41. Rg8+ 1/2-1/2

[Event "Regionalliga SW 1314"]
[Site "Bayern"]
[Date "2014.03.16"]
[Round "8.7"]
[White "Dirmeier, Carolin"]
[Black "Closhen, Ingo"]
[Result "1-0"]
[WhiteElo "1964"]
[BlackElo "1916"]
[PlyCount "87"]
[EventDate "2013.10.13"]
[EventType "team-tourn"]
[EventRounds "9"]
[EventCountry "GER"]
[SourceTitle "EXT 2015"]
[Source "ChessBase"]
[SourceDate "2014.11.20"]
[SourceVersion "1"]
[SourceVersionDate "2014.11.20"]
[SourceQuality "1"]
[WhiteTeam "Bayern Muenchen III"]
[BlackTeam "Sendling"]
[WhiteTeamCountry "GER"]
[BlackTeamCountry "GER"]

1. e4 c5 2. Nf3 d6 3. d4 cxd4 4. Nxd4 Nf6 5. Nc3 a6 6. Bg5 e6 7. Qd2 Qc7 8. f3 Be7 9. 0-0-0 Nbd7 10. g4 b5 11. h4 Ne5 12. h5 Bd7 13. h6 g6 14. Bd3 Qc5 15. Nb3 Nxf3 16. Nxc5 Nxd2 17. Nxd7 Nxd7 18. Bxe7 Kxe7 19. Rxd2 Ne5 20. g5 Rac8 21. Kb1 Rc5 22. Be2 Rhc8 23. Nd1 Nd7 24. Rg1 Re5 25. Bf3 Rcc5 26. Rdg2 d5 27. exd5 exd5 28. Re2 d4 29. Nf2 Rxe2 30. Bxe2 Re5 31. Bd3 Nc5 32. Kc1 Ne6 33. Ne4 Kd8 34. Kd2 Ke7 35. Rg4 Rf5 36. c3 Rd5 37. c4 Rf5 38. cxb5 axb5 39. Kc2 b4 40. Rg3 Rd5 41. Kb3 Ra5 42. Rg4 f5 43. gxf6+ Kf7 44. Bc4 1-0

[Event "Regionalliga SW 1314"]
[Site "Bayern"]
[Date "2014.02.09"]
[Round "6.7"]
[White "Gashi, Gazmend"]
[Black "Closhen, Ingo"]
[Result "1-0"]
[WhiteElo "1927"]
[BlackElo "1916"]
[PlyCount "57"]
[EventDate "2013.10.13"]
[EventType "team-tourn"]
[EventRounds "9"]
[EventCountry "GER"]
[SourceTitle "EXT 2015"]
[Source "ChessBase"]
[SourceDate "2014.11.20"]
[SourceVersion "1"]
[SourceVersionDate "2014.11.20"]
[SourceQuality "1"]
[WhiteTeam "MSA Zugzwang II"]
[BlackTeam "Sendling"]
[WhiteTeamCountry "GER"]
[BlackTeamCountry "GER"]

1. Nf3 c5 2. e4 d6 3. d4 cxd4 4. Nxd4 Nf6 5. Nc3 a6 6. a4 b6 7. f3 Qc7 8. Be3 e6 9. Qd2 Be7 10. Bd3 Bb7 11. 0-0 Nbd7 12. Qf2 Rc8 13. Nb3 0-0 14. a5 b5 15. Rac1 Ne5 16. Bb6 Qc6 17. Na2 d5 18. Bd4 dxe4 19. Bxe5 exd3 20. cxd3 Qd5 21. Rxc8 Rxc8 22. Bxf6 Bxf6 23. Nac1 Rxc1 24. Rxc1 Qxb3 25. Qa7 Qd5 26. Kh1 g5 27. Rc7 Bc6 28. Rxf7 Bd4 29. Qe7 1-0

[Event "Regionalliga SW 1213"]
[Site "Bayern"]
[Date "2013.03.17"]
[Round "8.8"]
[White "Closhen, Ingo"]
[Black "Lutz, Gerhard"]
[Result "1-0"]
[WhiteElo "1982"]
[BlackElo "2065"]
[PlyCount "53"]
[EventDate "2012.10.14"]
[EventType "team-tourn"]
[EventRounds "9"]
[EventCountry "GER"]
[SourceTitle "EXT 2015"]
[Source "ChessBase"]
[SourceDate "2014.11.20"]
[SourceVersion "1"]
[SourceVersionDate "2014.11.20"]
[SourceQuality "1"]
[WhiteTeam "Sendling"]
[BlackTeam "Garching II"]
[WhiteTeamCountry "GER"]
[BlackTeamCountry "GER"]

1. d4 g6 2. Bg5 Bg7 3. e3 h6 4. Bh4 c5 5. c3 b6 6. f4 Bb7 7. Nf3 Nf6 8. Bd3 d6 9. Nbd2 Nbd7 10. Qe2 Qc7 11. 0-0 0-0 12. e4 e6 13. Rad1 Nh5 14. Qe3 e5 15. fxe5 dxe5 16. d5 Nf4 17. Be7 Rfe8 18. d6 Qc8 19. Bc4 Ba6 20. g3 Bxc4 21. Nxc4 Ne6 22. Nh4 Nef8 23. Qf3 f6 24. Ne3 Kf7 25. Nd5 Nh7 26. Nxg6 Ng5 27. Qf5 1-0

[Event "Regionalliga SW 1213"]
[Site "Bayern"]
[Date "2013.02.03"]
[Round "6.8"]
[White "Closhen, Ingo"]
[Black "Getfert, Harald"]
[Result "1-0"]
[WhiteElo "1982"]
[BlackElo "1872"]
[PlyCount "113"]
[EventDate "2012.10.14"]
[EventType "team-tourn"]
[EventRounds "9"]
[EventCountry "GER"]
[SourceTitle "EXT 2015"]
[Source "ChessBase"]
[SourceDate "2014.11.20"]
[SourceVersion "1"]
[SourceVersionDate "2014.11.20"]
[SourceQuality "1"]
[WhiteTeam "Sendling"]
[BlackTeam "Muenchen Siemens"]
[WhiteTeamCountry "GER"]
[BlackTeamCountry "GER"]

1. d4 Nf6 2. Bg5 d5 3. Nd2 e6 4. e3 Be7 5. Bd3 Nbd7 6. f4 c5 7. c3 0-0 8. Nh3 h6 9. Bh4 Ne8 10. Bxe7 Qxe7 11. Nf2 f5 12. h4 Nef6 13. g4 Ne4 14. g5 Kh7 15. Qf3 cxd4 16. exd4 a6 17. 0-0-0 b5 18. Ndxe4 dxe4 19. Bxe4 Rb8 20. Bc6 b4 21. c4 Nb6 22. c5 Nd5 23. Bxd5 exd5 24. Rde1 Qd7 25. Re5 Qa4 26. Qb3 Bd7 27. Rhe1 Qxb3 28. axb3 Rfe8 29. Nd3 a5 30. Rxd5 Rxe1+ 31. Nxe1 Be6 32. Rd6 Bxb3 33. g6+ Kg8 34. Nd3 Kf8 35. Rd7 Re8 36. Ne5 Re7 37. Rxe7 Kxe7 38. Nc6+ Kd7 39. Nxa5 Bd5 40. Kd2 Ke6 41. Ke3 Kf6 42. h5 Ke6 43. b3 Kd7 44. Nc4 Kc7 45. Nd6 Bxb3 46. Ne8+ Kd7 47. Nxg7 Bd1 48. Kd2 Bf3 49. Nxf5 Ke6 50. Ng3 Kf6 51. Kd3 Bd5 52. Kc2 Ke6 53. Nf1 Bf3 54. Ne3 Bxh5 55. f5+ Kf6 56. c6 Bf3 57. d5 1-0

[Event "Regionalliga SW 1213"]
[Site "Bayern"]
[Date "2012.11.25"]
[Round "3.8"]
[White "Oberpriller, Josef"]
[Black "Closhen, Ingo"]
[Result "0-1"]
[WhiteElo "1845"]
[BlackElo "1982"]
[PlyCount "82"]
[EventDate "2012.10.14"]
[EventType "team-tourn"]
[EventRounds "9"]
[EventCountry "GER"]
[SourceTitle "EXT 2015"]
[Source "ChessBase"]
[SourceDate "2014.11.20"]
[SourceVersion "1"]
[SourceVersionDate "2014.11.20"]
[SourceQuality "1"]
[WhiteTeam "Haar"]
[BlackTeam "Sendling"]
[WhiteTeamCountry "GER"]
[BlackTeamCountry "GER"]

1. d4 e6 2. e4 b6 3. Bd3 Bb7 4. Nf3 Nf6 5. Qe2 c5 6. Bg5 cxd4 7. Nxd4 a6 8. 0-0 h6 9. Bh4 Bc5 10. Nb3 Be7 11. N1d2 Qc7 12. c4 Nc6 13. Rac1 Ne5 14. Bb1 g5 15. Bg3 h5 16. Nf3 Nfg4 17. Nxe5 Nxe5 18. f3 h4 19. Be1 a5 20. Bf2 Rg8 21. Be3 g4 22. f4 Nc6 23. Nd4 Nxd4 24. Bxd4 h3 25. g3 f5 26. Qf2 Bd8 27. Rfe1 Qc6 28. Qe2 Kf7 29. Kf1 Bc7 30. b3 Rg7 31. Qf2 Rf8 32. Qd2 Kg8 33. Bg1 Bd6 34. Rcd1 Bb4 35. Qf2 Bxe1 36. Rxe1 b5 37. c5 d6 38. Rc1 e5 39. exf5 exf4 40. Re1 dxc5 41. Qxc5 Qg2# 0-1

[Event "Landesliga Sued 1112"]
[Site "Bayern"]
[Date "2012.02.05"]
[Round "6.7"]
[White "Czap, Bernhard"]
[Black "Closhen, Ingo"]
[Result "1-0"]
[WhiteElo "2047"]
[BlackElo "1913"]
[PlyCount "87"]
[EventDate "2011.10.02"]
[EventType "team-tourn"]
[EventRounds "9"]
[EventCountry "GER"]
[SourceTitle "EXT 2013"]
[Source "ChessBase"]
[SourceDate "2012.11.22"]
[SourceVersion "1"]
[SourceVersionDate "2012.11.22"]
[SourceQuality "1"]
[WhiteTeam "Unterhaching"]
[BlackTeam "Sendling"]
[WhiteTeamCountry "GER"]
[BlackTeamCountry "GER"]

1. c4 g5 2. g3 Bg7 3. Bg2 c5 4. d3 Nc6 5. Nc3 h6 6. h4 g4 7. e4 d6 8. Nge2 Bd7 9. 0-0 Nf6 10. Be3 Ne5 11. Nf4 Qc8 12. a3 0-0 13. Rb1 Kh7 14. b4 b6 15. b5 Rg8 16. a4 Nf3+ 17. Kh1 Nh5 18. Ncd5 Nxf4 19. Bxf4 Re8 20. Bc1 Ne5 21. Bb2 Qd8 22. Ne3 Rg8 23. Re1 Bf6 24. Qe2 Rg6 25. Red1 Rc8 26. Ra1 e6 27. Ra2 Bxh4 28. Bxe5 dxe5 29. gxh4 Qxh4+ 30. Kg1 Rf8 31. Nf1 f5 32. exf5 exf5 33. Qxe5 Re6 34. Qh2 Qe7 35. Qf4 Qg5 36. Qxg5 hxg5 37. a5 Be8 38. axb6 axb6 39. Ra7+ Kh6 40. Bd5 Rd6 41. Re7 Bxb5 42. cxb5 Rxd5 43. Re6+ Kh5 44. Ng3+ 1-0

[Event "Landesliga Sued 1112"]
[Site "Bayern"]
[Date "2011.12.11"]
[Round "4.8"]
[White "Fehmer, Dirk"]
[Black "Closhen, Ingo"]
[Result "1/2-1/2"]
[WhiteElo "1954"]
[BlackElo "1913"]
[PlyCount "83"]
[EventDate "2011.10.02"]
[EventType "team-tourn"]
[EventRounds "9"]
[EventCountry "GER"]
[SourceTitle "EXT 2013"]
[Source "ChessBase"]
[SourceDate "2012.11.22"]
[SourceVersion "1"]
[SourceVersionDate "2012.11.22"]
[SourceQuality "1"]
[WhiteTeam "Haunstetten"]
[BlackTeam "Sendling"]
[WhiteTeamCountry "GER"]
[BlackTeamCountry "GER"]

1. d4 e6 2. c4 f5 3. g3 Nf6 4. Bg2 c6 5. c5 b6 6. cxb6 Qxb6 7. Nc3 Bb4 8. Nf3 Ne4 9. Bd2 0-0 10. 0-0 Na6 11. a3 Nxd2 12. Qxd2 Be7 13. Ne5 Rb8 14. b4 Bf6 15. Rfc1 Qd8 16. f4 Nc7 17. Rab1 Qe7 18. e3 Kh8 19. Nd1 Nb5 20. a4 Nd6 21. Qe2 Rb6 22. a5 Rb8 23. Nc3 Nb5 24. Nxb5 Rxb5 25. Qd2 Ba6 26. Bf1 Rc8 27. Rc5 Rcb8 28. Rbc1 Rxc5 29. dxc5 Bxf1 30. Rxf1 Bxe5 31. fxe5 Kg8 32. Rd1 Rb7 33. Rf1 Qg5 34. Rf4 Qe7 35. Rd4 g5 36. e4 h6 37. Qf2 Qg7 38. exf5 Qxe5 39. fxe6 dxe6 40. Rd8+ Kh7 41. a6 Re7 42. Qd2 1/2-1/2

[Event "Landesliga Sued 9596"]
[Site "Bayern"]
[Date "1996.01.14"]
[Round "4"]
[White "Closhen, Ingo"]
[Black "Glasel, Matthias"]
[Result "0-1"]
[WhiteElo "1835"]
[BlackElo "2255"]
[PlyCount "92"]
[EventDate "1995.10.15"]
[EventType "team-tourn"]
[EventRounds "9"]
[EventCountry "GER"]
[SourceTitle "EXT 2020"]
[Source "ChessBase"]
[SourceDate "2019.10.17"]
[SourceVersion "1"]
[SourceVersionDate "2019.10.17"]
[SourceQuality "1"]
[WhiteTeam "Sendling SC"]
[BlackTeam "Starnberg SC"]
[WhiteTeamCountry "GER"]
[BlackTeamCountry "GER"]

1. d4 Nf6 2. c4 e6 3. Nf3 b6 4. g3 Bb7 5. Bg2 Be7 6. 0-0 0-0 7. Nc3 Ne4 8. d5 Nxc3 9. bxc3 Bf6 10. Qd3 Qc8 11. Bg5 Na6 12. Bxf6 gxf6 13. Nd4 Nc5 14. Qd2 Qd8 15. Nb3 Qe7 16. Rfe1 Rab8 17. Rad1 Ba6 18. Qf4 Kh8 19. Nd2 e5 20. Qf5 Rg8 21. Be4 Rg7 22. h4 d6 23. Kh2 Rbg8 24. Bc2 Bc8 25. Qf3 Bg4 26. Qe3 f5 27. f4 Nd7 28. Nf3 Bxf3 29. Qxf3 e4 30. Qf2 Nf6 31. Qd4 Rxg3 32. Rg1 R3g4 33. Rxg4 Rxg4 34. Kh3 Kg8 35. Rg1 Rxg1 36. Qxg1+ Ng4 37. h5 h6 38. Qg3 Kf8 39. e3 Nf6 40. Qh4 Nd7 41. Qe1 Qf6 42. Qd2 Qg7 43. Bd1 Qg1 44. Qd4 Ke7 45. Qd2 Nf6 46. Be2 Qf2 0-1